[Event "Fortaleza Cearense Cup"]
[Site "Fortaleza"]
[Date "2015.12.12"]
[Round "4"]
[White "Pereira, Silvio Cunha"]
[Black "Fonseca Rodrigues, Edson"]
[Result "1-0"]
[WhiteElo "2308"]
[BlackElo "2029"]
[PlyCount "107"]
[EventDate "2015.12.10"]
[EventType "swiss"]
[EventRounds "6"]
[EventCountry "BRA"]
[SourceTitle "EXT 2017"]
[Source "ChessBase"]
[SourceDate "2016.10.25"]
[SourceVersion "1"]
[SourceVersionDate "2016.10.25"]
[SourceQuality "1"]

1. e4 c5 2. Nf3 g6 3. d4 cxd4 4. Nxd4 Nc6 5. Nc3 Bg7 6. Be3 Nf6 7. Bc4 0-0 8. Bb3 a5 9. f3 d5 10. Nxd5 Nxd5 11. exd5 Nb4 12. c4 a4 13. Bc2 e5 14. Bd2 Nxd5 15. cxd5 exd4 16. 0-0 Qxd5 17. Bxa4 d3 18. Bb3 Qd4+ 19. Kh1 Qxb2 20. Rb1 Qf6 21. Re1 Bf5 22. Bc4 b6 23. Qb3 Rfe8 24. Qb5 Re2 25. Rxe2 dxe2 26. Re1 Be6 27. Rxe2 Bxc4 28. Qxc4 Qa1+ 29. Be1 Bf6 30. g3 Qd4 31. Qb3 Rd8 32. Kg2 Qd6 33. Bb4 Qd7 34. Qe3 Bd4 35. Qf4 Bc5 36. Bc3 Qd6 37. Rd2 Qe7 38. Rxd8+ Qxd8 39. Qe5 f6 40. Qxf6 Qxf6 41. Bxf6 Kf7 42. Bc3 Ke6 43. f4 Kd5 44. Kf3 b5 45. g4 Be7 46. f5 g5 47. Bg7 Bd6 48. h3 b4 49. Ke3 Be7 50. Kd3 Bd8 51. Bf8 Ba5 52. Be7 h6 53. f6 Ke6 54. Kc4 1-0

[Event "Manaus Region-ch sf"]
[Site "Manaus"]
[Date "2015.10.31"]
[Round "3"]
[White "Fonseca Rodrigues, Edson"]
[Black "Brito, Luismar Jorge"]
[Result "0-1"]
[WhiteElo "2021"]
[BlackElo "2234"]
[PlyCount "120"]
[EventDate "2015.10.30"]
[EventType "swiss"]
[EventRounds "7"]
[EventCountry "BRA"]
[SourceTitle "CBM 169 Extra"]
[Source "ChessBase"]
[SourceDate "2015.12.18"]
[SourceVersion "1"]
[SourceVersionDate "2015.12.18"]
[SourceQuality "1"]

1. e4 c5 2. Nc3 e6 3. g3 Nc6 4. Bg2 h5 5. d3 h4 6. Be3 d6 7. Qd2 Be7 8. h3 hxg3 9. fxg3 Nf6 10. Qf2 Ne5 11. Nf3 Nfd7 12. 0-0 Nxf3+ 13. Qxf3 Ne5 14. Qf2 Bf6 15. Rad1 Nc6 16. e5 Nxe5 17. Ne4 Nc6 18. c3 Qe7 19. Nxf6+ gxf6 20. Qxf6 Qxf6 21. Rxf6 Bd7 22. Rdf1 0-0-0 23. Bxc6 Bxc6 24. h4 Rdg8 25. Kh2 Be8 26. d4 b6 27. dxc5 bxc5 28. b4 cxb4 29. cxb4 a6 30. Rc1+ Kd7 31. Rc3 Ke7 32. Rf2 e5 33. Rc7+ Ke6 34. Ra7 f5 35. Rxa6 f4 36. Bxf4 exf4 37. Rxf4 Ke5 38. b5 Rf8 39. b6 Bc6 40. Ra5+ Bd5 41. Rb5 Rxf4 42. gxf4+ Ke4 43. a4 Bb7 44. Kg3 d5 45. a5 Rg8+ 46. Kf2 d4 47. Re5+ Kxf4 48. Re7 Rb8 49. Ke1 Ba6 50. Ra7 Bd3 51. Rf7+ Ke3 52. Re7+ Be4 53. h5 d3 54. h6 Rb7 55. Rxe4+ Kxe4 56. a6 Rxb6 57. a7 Ke3 58. Kf1 d2 59. a8Q d1Q+ 60. Kg2 Rg6+ 0-1

[Event "Fortaleza zt CE"]
[Site "Fortaleza"]
[Date "2015.05.24"]
[Round "4"]
[White "Lima Filho, Gilberto Faco"]
[Black "Fonseca Rodrigues, Edson"]
[Result "0-1"]
[WhiteElo "1970"]
[BlackElo "2004"]
[PlyCount "36"]
[EventDate "2015.05.22"]
[EventType "swiss"]
[EventRounds "5"]
[EventCountry "BRA"]
[SourceTitle "CBM 166 Extra"]
[Source "ChessBase"]
[SourceDate "2015.06.18"]
[SourceVersion "1"]
[SourceVersionDate "2015.06.18"]
[SourceQuality "1"]

1. e4 c5 2. Nf3 g6 3. d4 cxd4 4. Nxd4 Nc6 5. c4 Nf6 6. Nc3 Nxd4 7. Qxd4 Bg7 8. Be3 0-0 9. Qd2 d6 10. Be2 Qa5 11. 0-0 Be6 12. f4 Rfc8 13. Nd5 Qxd2 14. Nxe7+ Kf8 15. Bxd2 Kxe7 16. e5 dxe5 17. Bb4+ Ke8 18. fxe5 Nd7 0-1

[Event "Fortaleza zt CE"]
[Site "Fortaleza"]
[Date "2015.05.23"]
[Round "2"]
[White "Santos, Inacio Eduardo Andr"]
[Black "Fonseca Rodrigues, Edson"]
[Result "0-1"]
[WhiteElo "1783"]
[BlackElo "2004"]
[PlyCount "112"]
[EventDate "2015.05.22"]
[EventType "swiss"]
[EventRounds "5"]
[EventCountry "BRA"]
[SourceTitle "CBM 166 Extra"]
[Source "ChessBase"]
[SourceDate "2015.06.18"]
[SourceVersion "1"]
[SourceVersionDate "2015.06.18"]
[SourceQuality "1"]

1. e4 Nf6 2. e5 Nd5 3. c4 Nb6 4. Nf3 d6 5. d4 g6 6. Nc3 Bg7 7. Bf4 0-0 8. Bd3 Nc6 9. exd6 cxd6 10. d5 Ne5 11. Nxe5 dxe5 12. Be3 f5 13. 0-0 e4 14. Be2 f4 15. Bxb6 Qxb6 16. Nxe4 Qxb2 17. Rb1 Qxa2 18. Re1 b6 19. d6 Bb7 20. Bf3 exd6 21. Nxd6 Bxf3 22. Qxf3 Qa5 23. Qc6 Qc5 24. Qd7 Bf6 25. Ne4 Qe7 26. Qd5+ Kh8 27. Rbd1 Rad8 28. Qc6 Rc8 29. Qd5 Rfd8 30. Nd6 Rxd6 31. Qxd6 Qxd6 32. Rxd6 Bc3 33. Re4 g5 34. Rd7 a5 35. Kf1 Ra8 36. Ree7 a4 37. Rxh7+ Kg8 38. Ra7 Re8 39. Rhe7 Rxe7 40. Rxe7 a3 41. Ra7 Ba5 42. c5 a2 43. c6 a1Q+ 44. Ke2 Qe5+ 45. Kf3 Qc3+ 46. Kg4 Qxc6 47. g3 Bd2 48. h4 Qc8+ 49. Kh5 gxh4 50. Kxh4 b5 51. Ra3 Qd8+ 52. Kg4 b4 53. Rf3 Qd7+ 54. Kg5 fxg3+ 55. Kh4 g2 56. Rg3+ Qg7 0-1

[Event "Fortaleza Pompeu de Sousa Memoria"]
[Site "Fortaleza"]
[Date "2015.03.28"]
[Round "3.2"]
[White "Santos, Inacio Eduardo Andr"]
[Black "Fonseca Rodrigues, Edson"]
[Result "0-1"]
[WhiteElo "1769"]
[BlackElo "1964"]
[PlyCount "52"]
[EventDate "2015.03.27"]
[EventType "swiss"]
[EventRounds "5"]
[EventCountry "BRA"]
[SourceTitle "EXT 2022"]
[Source "ChessBase"]
[SourceDate "2021.10.06"]
[SourceVersion "1"]
[SourceVersionDate "2021.10.06"]
[SourceQuality "1"]

1. e4 c5 2. Nf3 g6 3. Nc3 Bg7 4. d4 cxd4 5. Nxd4 Nc6 6. Be3 Nf6 7. Bc4 0-0 8. Bb3 a5 9. a4 d5 10. exd5 Nb4 11. 0-0 Nfxd5 12. Nxd5 Nxd5 13. c3 Nxe3 14. fxe3 Qb6 15. Qf3 e5 16. Bxf7+ Kh8 17. Nb5 Be6 18. Nd6 Qxd6 19. Qxb7 Rab8 20. Qa7 Ra8 21. Qb7 Rab8 22. Qa7 Bxf7 23. Rxf7 Rxf7 24. Qxf7 Rf8 25. Qb3 Qd2 26. Qb6 Qf2+ 0-1

[Event "Florianopolis op"]
[Site "Florianopolis"]
[Date "2015.01.17"]
[Round "8"]
[White "Barbosa, Evandro Amorim"]
[Black "Fonseca Rodrigues, Edson"]
[Result "1-0"]
[WhiteElo "2449"]
[BlackElo "2024"]
[PlyCount "59"]
[EventDate "2015.01.14"]
[EventType "swiss"]
[EventRounds "10"]
[EventCountry "BRA"]
[SourceTitle "CBM 164 Extra"]
[Source "ChessBase"]
[SourceDate "2015.03.02"]
[SourceVersion "1"]
[SourceVersionDate "2015.03.02"]
[SourceQuality "1"]

1. e4 Nf6 2. e5 Nd5 3. d4 d6 4. Nf3 g6 5. Bc4 Nb6 6. Bb3 d5 7. 0-0 Bg7 8. h3 0-0 9. Re1 h6 10. Bf4 e6 11. Qd2 Kh7 12. c3 N8d7 13. Qe3 Nc4 14. Bxc4 dxc4 15. Na3 Nb6 16. Qe2 Qd5 17. Nd2 Na4 18. Naxc4 b5 19. Ne3 Qc6 20. Rab1 Bb7 21. Qg4 Nxb2 22. Rxb2 Qxc3 23. Rc2 Qxd4 24. Nb3 Qb6 25. Qh4 f5 26. exf6 Rxf6 27. Bxh6 Kg8 28. Bxg7 Kxg7 29. Ng4 Rh8 30. Qxf6+ 1-0

[Event "Florianopolis op"]
[Site "Florianopolis"]
[Date "2015.01.17"]
[Round "7"]
[White "Fonseca Rodrigues, Edson"]
[Black "De Mello, Amanda Carolina"]
[Result "1-0"]
[WhiteElo "2024"]
[BlackElo "1844"]
[PlyCount "83"]
[EventDate "2015.01.14"]
[EventType "swiss"]
[EventRounds "10"]
[EventCountry "BRA"]
[SourceTitle "CBM 164 Extra"]
[Source "ChessBase"]
[SourceDate "2015.03.02"]
[SourceVersion "1"]
[SourceVersionDate "2015.03.02"]
[SourceQuality "1"]

1. e4 c6 2. d4 d5 3. exd5 cxd5 4. Bd3 Nf6 5. c3 Nc6 6. Bf4 e6 7. Nf3 Bd6 8. Bg3 0-0 9. Qe2 a6 10. Nbd2 b5 11. Ne5 Ne7 12. a3 Qc7 13. f4 Ng6 14. h4 Re8 15. h5 Nf8 16. Ndf3 N6d7 17. Bc2 f6 18. Nd3 h6 19. 0-0 Bb7 20. Nh4 f5 21. Ne5 Nf6 22. Nhg6 Nxg6 23. Nxg6 a5 24. Bh4 Ne4 25. Bd3 Bc6 26. Ne5 Reb8 27. Rac1 Be8 28. g4 Bxe5 29. fxe5 Qf7 30. Bxe4 dxe4 31. gxf5 exf5 32. Rf2 Bd7 33. Rcf1 g5 34. hxg6 Qg7 35. Bf6 Qf8 36. Qh5 Be6 37. g7 Qc8 38. Qxh6 Kf7 39. Qh5+ Kg8 40. Rh2 Bc4 41. Qh7+ Kf7 42. g8Q# 1-0

[Event "Florianopolis op"]
[Site "Florianopolis"]
[Date "2015.01.16"]
[Round "5"]
[White "Fonseca Rodrigues, Edson"]
[Black "Garkauskas, Otto Dmitry"]
[Result "0-1"]
[WhiteElo "2024"]
[BlackElo "2202"]
[PlyCount "58"]
[EventDate "2015.01.14"]
[EventType "swiss"]
[EventRounds "10"]
[EventCountry "BRA"]
[SourceTitle "CBM 164 Extra"]
[Source "ChessBase"]
[SourceDate "2015.03.02"]
[SourceVersion "1"]
[SourceVersionDate "2015.03.02"]
[SourceQuality "1"]

1. e4 c6 2. d4 d5 3. exd5 cxd5 4. Bd3 Nc6 5. c3 Qc7 6. Ne2 Bg4 7. f3 Bd7 8. Bf4 e5 9. dxe5 Nxe5 10. 0-0 Bd6 11. Nd4 Ne7 12. Qe2 0-0 13. Bxe5 Bxe5 14. f4 Bd6 15. Qh5 g6 16. Qh6 f5 17. Nd2 Kh8 18. Rae1 Ng8 19. Qh4 Rae8 20. Rxe8 Rxe8 21. g4 Bxf4 22. N2f3 fxg4 23. Bxg6 Re7 24. Ne1 Bxh2+ 25. Kg2 Bg3 26. Qh5 Qe5 27. Nf5 Bxf5 28. Bxf5 Bxe1 29. Rh1 Qg3+ 0-1

[Event "Fortaleza Alves memorial 17th"]
[Site "Fortaleza"]
[Date "2013.05.19"]
[Round "5"]
[White "Amancio, Arnaldo Regis"]
[Black "Fonseca Rodrigues, Edson"]
[Result "1-0"]
[WhiteElo "1940"]
[BlackElo "2070"]
[PlyCount "77"]
[EventDate "2013.05.17"]
[EventType "swiss"]
[EventRounds "6"]
[EventCountry "BRA"]
[SourceTitle "CBM 154 Extra"]
[Source "ChessBase"]
[SourceDate "2013.06.25"]
[SourceVersion "2"]
[SourceVersionDate "2013.06.25"]
[SourceQuality "1"]

1. d4 g6 2. Nf3 Bg7 3. Bf4 c5 4. c3 Qb6 5. Qc2 cxd4 6. cxd4 Nc6 7. e3 d6 8. a3 Bf5 9. Qe2 e5 10. e4 Bg4 11. dxe5 Bxf3 12. gxf3 Nd4 13. Be3 dxe5 14. Bxd4 exd4 15. Qb5+ Qc6 16. Nd2 0-0-0 17. Qxc6+ bxc6 18. Ba6+ Kc7 19. Rc1 Ne7 20. Bd3 Bh6 21. Rc2 Bxd2+ 22. Kxd2 f6 23. b4 Kd6 24. Rhc1 Rb8 25. Rc5 Rhd8 26. Bc2 g5 27. Kd3 Kc7 28. Ba4 Rb6 29. Bxc6 Nxc6 30. b5 Rd6 31. Rxc6+ Rdxc6 32. Rxc6+ Rxc6 33. bxc6 Kxc6 34. Kxd4 Kb5 35. Kd5 a5 36. Ke6 Ka4 37. Kxf6 Kxa3 38. e5 a4 39. e6 1-0

[Event "Fortaleza Alves memorial 17th"]
[Site "Fortaleza"]
[Date "2013.05.18"]
[Round "4"]
[White "Fonseca Rodrigues, Edson"]
[Black "Azevedo, Eduardo Jose E"]
[Result "1-0"]
[WhiteElo "2070"]
[BlackElo "1863"]
[PlyCount "59"]
[EventDate "2013.05.17"]
[EventType "swiss"]
[EventRounds "6"]
[EventCountry "BRA"]
[SourceTitle "CBM 154 Extra"]
[Source "ChessBase"]
[SourceDate "2013.06.25"]
[SourceVersion "2"]
[SourceVersionDate "2013.06.25"]
[SourceQuality "1"]

1. c4 e5 2. Nc3 Nf6 3. g3 c6 4. d4 exd4 5. Qxd4 d5 6. Bg5 Be7 7. cxd5 cxd5 8. e4 Nc6 9. Bb5 0-0 10. Bxc6 bxc6 11. Bxf6 Bxf6 12. e5 Bxe5 13. Qd3 Bxc3+ 14. Qxc3 Re8+ 15. Kf1 Qb6 16. h4 d4 17. Qd2 Ba6+ 18. Kg2 c5 19. h5 h6 20. g4 Bb7+ 21. f3 Qf6 22. Rf1 Re3 23. Rh3 Rae8 24. Rf2 Qf4 25. Rg3 Qe5 26. Kh2 d3 27. Nh3 c4 28. f4 Qe4 29. Rxe3 Qh1+ 30. Kg3 1-0

[Event "Fortaleza Alves memorial 17th"]
[Site "Fortaleza"]
[Date "2013.05.17"]
[Round "1"]
[White "Paiva, Paulo Ricardo Gonca"]
[Black "Fonseca Rodrigues, Edson"]
[Result "0-1"]
[WhiteElo "1500"]
[BlackElo "2070"]
[PlyCount "32"]
[EventDate "2013.05.17"]
[EventType "swiss"]
[EventRounds "6"]
[EventCountry "BRA"]
[SourceTitle "CBM 154 Extra"]
[Source "ChessBase"]
[SourceDate "2013.06.25"]
[SourceVersion "2"]
[SourceVersionDate "2013.06.25"]
[SourceQuality "1"]

1. e4 c5 2. Nf3 g6 3. d4 cxd4 4. Nxd4 Bg7 5. Be3 Nf6 6. Nc3 d6 7. f3 0-0 8. Qd2 a6 9. a4 Qc7 10. 0-0-0 Nc6 11. Nxc6 Qxc6 12. g4 b5 13. axb5 axb5 14. Kb1 Qa6 15. Kc1 Qa1+ 16. Nb1 Nxe4 0-1

[Event "Carvalho Memorial op"]
[Site "Juazeiro do Norte"]
[Date "2012.10.13"]
[Round "4"]
[White "Fonseca Rodrigues, Edson"]
[Black "Lima, Carlos Roberto Dos"]
[Result "1-0"]
[WhiteElo "2115"]
[BlackElo "1780"]
[PlyCount "85"]
[EventDate "2012.10.12"]
[EventType "swiss"]
[EventRounds "6"]
[EventCountry "BRA"]
[SourceTitle "EXT 2013"]
[Source "ChessBase"]
[SourceDate "2012.11.22"]
[SourceVersion "1"]
[SourceVersionDate "2012.11.22"]
[SourceQuality "1"]

1. e4 c6 2. d4 d6 3. c4 g6 4. Nc3 Bg7 5. Be3 Nf6 6. f3 Qc7 7. Nge2 e5 8. d5 Nbd7 9. Qd2 Nb6 10. Nc1 Bd7 11. c5 Nc8 12. dxc6 bxc6 13. Nb3 a5 14. Rd1 dxc5 15. Nxc5 Nb6 16. Na6 Qb7 17. Bxb6 Qxb6 18. Na4 Qd4 19. Nc7+ Ke7 20. Qxd4 exd4 21. Nxa8 Rxa8 22. Rxd4 Nd5 23. Rd2 Nf4 24. Nb6 Rd8 25. g3 Ne6 26. Rxd7+ Rxd7 27. Nxd7 Kxd7 28. b3 Kd6 29. Bc4 Nd4 30. f4 f6 31. h4 Kc5 32. h5 a4 33. h6 Bf8 34. Bg8 a3 35. Bxh7 Nc2+ 36. Kd2 Nb4 37. Bxg6 Nxa2 38. h7 Bg7 39. Ra1 Nc3 40. Kxc3 f5+ 41. e5 Kd5 42. Bxf5 c5 43. Rxa3 1-0

[Event "Carvalho Memorial op"]
[Site "Juazeiro do Norte"]
[Date "2012.10.12"]
[Round "2"]
[White "Fonseca Rodrigues, Edson"]
[Black "Pinto, Carlos Henrique Lop"]
[Result "0-1"]
[WhiteElo "2115"]
[BlackElo "2170"]
[PlyCount "32"]
[EventDate "2012.10.12"]
[EventType "swiss"]
[EventRounds "6"]
[EventCountry "BRA"]
[SourceTitle "EXT 2013"]
[Source "ChessBase"]
[SourceDate "2012.11.22"]
[SourceVersion "1"]
[SourceVersionDate "2012.11.22"]
[SourceQuality "1"]

1. Nf3 Nf6 2. d4 g6 3. c4 Bg7 4. Nc3 c5 5. d5 0-0 6. Qc2 d6 7. e4 Na6 8. Bd2 Nc7 9. Bd3 a6 10. 0-0 Bg4 11. Ne1 Rb8 12. a4 b6 13. f4 Bd7 14. h3 b5 15. axb5 axb5 16. b3 b4 0-1

[Event "BRA-ch Amateur"]
[Site "Goiania"]
[Date "2012.02.19"]
[Round "3"]
[White "Baccarin, Natalia Viaro"]
[Black "Fonseca Rodrigues, Edson"]
[Result "0-1"]
[WhiteElo "1958"]
[BlackElo "2097"]
[PlyCount "74"]
[EventDate "2012.02.18"]
[EventType "swiss"]
[EventRounds "7"]
[EventCountry "BRA"]
[SourceTitle "CBM 147 Extra"]
[Source "ChessBase"]
[SourceDate "2012.04.24"]
[SourceVersion "1"]
[SourceVersionDate "2012.04.24"]
[SourceQuality "1"]

1. e4 g6 2. d4 Bg7 3. Nc3 c6 4. Be3 d5 5. Qd2 dxe4 6. Nxe4 f5 7. Nc5 b6 8. Nb3 Nf6 9. Bh6 Ne4 10. Qe3 Bxh6 11. Qxh6 Be6 12. Nf3 Nd7 13. c3 c5 14. Bb5 c4 15. Ne5 cxb3 16. d5 Qc7 17. Qg7 Rg8 18. Bxd7+ Qxd7 19. Qxg8+ Bxg8 20. Nxd7 Kxd7 21. axb3 Bxd5 22. Rd1 Kc6 23. b4 Bb3 24. Rd3 e5 25. f3 Nd6 26. Kd2 e4 27. fxe4 fxe4 28. Rh3 Nc4+ 29. Kc1 e3 30. Rxh7 a5 31. b5+ Kxb5 32. h4 a4 33. h5 a3 34. bxa3 Rxa3 35. Kb1 Nd2+ 36. Kb2 Ra2+ 37. Kc1 e2 0-1

[Event "Belem Carepa Memorial"]
[Site "Belem"]
[Date "2007.04.08"]
[Round "6.6"]
[White "Amorim, Genaro Jose Melo De"]
[Black "Fonseca Rodrigues, Edson"]
[Result "0-1"]
[WhiteElo "1919"]
[BlackElo "2107"]
[PlyCount "58"]
[EventDate "2007.04.05"]
[EventType "swiss"]
[EventRounds "7"]
[EventCountry "BRA"]
[SourceTitle "EXT 2022"]
[Source "ChessBase"]
[SourceDate "2021.10.06"]
[SourceVersion "1"]
[SourceVersionDate "2021.10.06"]
[SourceQuality "1"]

1. e4 g6 2. c4 c5 3. Nf3 Bg7 4. d4 cxd4 5. Nxd4 Nf6 6. Nc3 d6 7. Be2 a6 8. 0-0 0-0 9. Be3 Qc7 10. Rc1 e6 11. f4 Nbd7 12. g4 e5 13. Nb3 exf4 14. Bxf4 Ne5 15. Bxe5 dxe5 16. g5 Rd8 17. Nd5 Nxd5 18. cxd5 Qb6+ 19. Kh1 Qe3 20. Qd2 Qxe4+ 21. Bf3 Qh4 22. Rc7 e4 23. Bd1 Be5 24. Rcxf7 Be6 25. R7f4 Bxf4 26. Rxf4 Qh3 27. d6 Rf8 28. Nc5 Rxf4 29. Qxf4 Rf8 0-1

[Event "Belem Carepa Memorial"]
[Site "Belem"]
[Date "2007.04.06"]
[Round "2.12"]
[White "Brito, Luismar Jorge"]
[Black "Fonseca Rodrigues, Edson"]
[Result "1-0"]
[WhiteElo "2275"]
[BlackElo "2107"]
[PlyCount "53"]
[EventDate "2007.04.05"]
[EventType "swiss"]
[EventRounds "7"]
[EventCountry "BRA"]
[SourceTitle "EXT 2022"]
[Source "ChessBase"]
[SourceDate "2021.10.06"]
[SourceVersion "1"]
[SourceVersionDate "2021.10.06"]
[SourceQuality "1"]

1. e4 d6 2. d4 Nf6 3. Nc3 g6 4. Be2 Bg7 5. Be3 0-0 6. Qd2 Nbd7 7. h4 h5 8. Nh3 c5 9. 0-0-0 Qa5 10. f3 cxd4 11. Bxd4 Nb6 12. Kb1 Be6 13. Ng5 Bh6 14. Nd5 Qxd2 15. Nxe7+ Kg7 16. Rxd2 Rfe8 17. Nd5 Nbxd5 18. exd5 Bxd5 19. Bb5 Bc6 20. Bxc6 bxc6 21. Bxf6+ Kxf6 22. Rxd6+ Kg7 23. Ne4 c5 24. Rhd1 Re7 25. Rd7 Rae8 26. Nd6 Bd2 27. Nxe8+ 1-0

[Event "Cearense-ch 69th"]
[Site "Fortaleza"]
[Date "2000.10.07"]
[Round "4"]
[White "Fonseca Rodrigues, Edson"]
[Black "Lima Neto, Pedro"]
[Result "1-0"]
[WhiteElo "1852"]
[BlackElo "2061"]
[PlyCount "91"]
[EventDate "2000.??.??"]
[EventType "swiss"]
[EventRounds "9"]
[EventCountry "BRA"]
[SourceTitle "EXT 2003"]
[Source "ChessBase"]
[SourceDate "2002.11.25"]
[SourceVersion "1"]
[SourceVersionDate "2002.11.25"]
[SourceQuality "1"]

1. c4 Nf6 2. Nc3 d5 3. d4 g6 4. g3 Bg7 5. Bg2 c6 6. cxd5 cxd5 7. Bf4 0-0 8. Qb3 Nc6 9. e3 Na5 10. Qb4 Bf5 11. Nge2 Rc8 12. b3 Re8 13. 0-0 Bf8 14. Be5 Nd7 15. Nb5 Nxe5 16. dxe5 Bd3 17. Rfe1 Qb6 18. a4 a6 19. Nf4 e6 20. Qd4 Qxd4 21. Nxd4 Bc2 22. Nxc2 Rxc2 23. Rab1 Rc3 24. Bxd5 exd5 25. Nxd5 Rec8 26. b4 Nb3 27. Nxc3 Rxc3 28. Rb2 Rc1 29. Kf1 Nd2+ 30. Rxd2 Rxe1+ 31. Kxe1 Bxb4 32. Ke2 Bxd2 33. Kxd2 b6 34. Kc3 Kf8 35. Kc4 Ke7 36. Kd5 Kd7 37. f4 Kc7 38. g4 Kd7 39. e4 Kc7 40. h4 Kd7 41. f5 h6 42. f6 b5 43. a5 b4 44. e6+ fxe6+ 45. Kc4 e5 46. g5 1-0